Normal view
MARC view
- Bhattacharyya, Souvik
Entry Personal Name
001 - CONTROL NUMBER
- control field: 495
003 - CONTROL NUMBER IDENTIFIER
- control field: OSt
005 - DATE AND TIME OF LATEST TRANSACTION
- control field: 20160617145201.0
008 - FIXED-LENGTH DATA ELEMENTS
- fixed length control field: 160617|| aca||aabn | a|a d
040 ## - CATALOGING SOURCE
- Original cataloging agency: OSt
- Transcribing agency: OSt
100 ## - HEADING--PERSONAL NAME
- Personal name: Bhattacharyya, Souvik
670 ## - SOURCE DATA FOUND
- Source citation: Work cat.: (OSt)10654: Holman, J P . 494, Heat transfer: In SI Units, 2011
